Statistics for Polyatomic Ions

Click here to take the quiz!

General Stats

  • This quiz has been taken 44 times
  • The average score is 17 of 26

Answer Stats

HintAnswer% Correct
HypochloriteClO-
95%
AmmoniumNH4+
95%
NitrateNO3-
95%
NitriteNO2-
91%
HydroxideOH-
91%
ChloriteClO2-
86%
ChlorateClO3-
86%
CyanideCN-
86%
PerchlorateClO4-
82%
BromateBrO3-
77%
Hydrogen SulfateHSO4-
77%
Hydrogen CarbonateHCO3-
68%
PermanganateMnO4-
68%
Dihydrogen PhosphateH2PO4-
64%
AcetateC2H3O2-
55%
SulfiteSO3 2-
55%
SulfateSO4 2-
55%
PeroxideO2 2-
50%
CarbonateCO3 2-
45%
PhosphatePO4 3-
45%
ChromateCrO4 2-
41%
Hydrogen PhosphateHPO4 2-
41%
DischromateCr2O7 2-
36%
ArsenateASO4 3-
32%
PeriodateIO4-
23%
ThiosulfateS2O3 2-
14%

Score Distribution

Percentile by Number Answered

Percent of People with Each Score

Your Score History

You have not taken this quiz